| 000 | 00712cam a2200193 4500 | ||
|---|---|---|---|
| 001 | 2051 | ||
| 005 | 20181127164453.0 | ||
| 008 | 021029s2003 nyuaf bf 001 0 eng | ||
| 010 |
_a 2002041012 _z 2002154885 |
||
| 020 | _a0801439027 (cloth) | ||
| 020 | _a0801488540 (paper) | ||
| 100 | 1 | _aDyer, Betsey Dexter. | |
| 245 | 1 | 2 |
_aA field guide to bacteria / _cBetsey Dexter Dyer. |
| 260 |
_aIthaca, N.Y. : _bCornell University Press, _cc2003. |
||
| 300 |
_aviii, 355 p., [32] p. of plates : _bill. (some col.) ; _c22 cm. |
||
| 504 | _aIncludes bibliographical references (p. 335-338) and index. | ||
| 650 | 0 |
_aBacteria _xIdentification _vHandbooks, manuals, etc. |
|
| 650 | 0 |
_aMicrobial ecology _vHandbooks, manuals, etc. |
|
| 999 |
_c1600 _d1600 |
||